La société de Londres / (Record no. 167030)

MARC details
000 -LEADER
campo de control de longitud fija 00653nam a2200181 i 4500
001 - NÚMERO DE CONTROL
campo de control 167030
003 - IDENTIFICADOR DE NÚMERO DE CONTROL
campo de control ES-MaACL
005 - FECHA Y HORA DE LA ÚLTIMA TRANSACCIÓN
campo de control 20230906213438.0
008 - DATOS DE LONGITUD FIJA--INFORMACIÓN GENERAL
campo de control de longitud fija 050923s1885 fr |||| | fre d
100 1# - ENTRADA PRINCIPAL--NOMBRE DE PERSONA
Nombre de persona Vasili, Paul
Títulos y otros términos asociados al nombre comte (
Fechas asociadas al nombre 1858-1941)
9 (RLIN) 133568
245 13 - MENCIÓN DEL TÍTULO
Título La société de Londres /
Mención de responsabilidad, etc. Comte Paul Vasili; augmenté de lettres inédites.
250 ## - MENCION DE EDICION
Mención de edición 10e éd.
260 ## - PUBLICACIÓN, DISTRIBUCIÓN, ETC.
Lugar de publicación, distribución, etc. Paris :
Nombre del editor, distribuidor, etc. Nouvelle Revue,
Fecha de publicación, distribución, etc. 1885 (
Fabricante Typ. Georges Chamerot)
300 ## - DESCRIPCIÓN FÍSICA
Extensión 464 p. ;
Dimensiones 24 cm.
650 #4 - PUNTO DE ACCESO ADICIONAL DE MATERIA--TÉRMINO DE MATERIA
Término de materia o nombre geográfico como elemento de entrada Corte y cortesanos-
Subdivisión geográfica Gran Bretaña.
9 (RLIN) 162183
651 #4 - PUNTO DE ACCESO ADICIONAL DE MATERIA--NOMBRE GEOGRÁFICO
Nombre geográfico Londres-
Subdivisión general Usos y costumbres.
9 (RLIN) 166719
852 ## - LOCALIZACIÓN
Ubicación ES-MaACL
Número de control de estantería G-8464
Nota libre - Enc. hol. conservando cub. original
Holdings
Estatus retirado Estado de pérdida Estado de daño No para préstamo Colección Biblioteca de origen Biblioteca actual Ubicación en estantería Fecha de adquisición Fuente de adquisición Total de préstamos Signatura topográfica completa Código de barras Visto por última vez Precio de reemplazo Tipo de ítem Koha
        Libros del s. XIX Biblioteca del Ateneo de Madrid Biblioteca del Ateneo de Madrid Sala Pecera Planta 3 17/01/2008     G-8464 1175211 23/02/2023 23/02/2023 Libro impreso antiguo